Очерки по истории японского народа: [В 2-х тт.]; Том I; Очерки по истории японского народа

Opis bibliograficzny
1. autor: Николаев А. А. Александр Андреевич
Język:rosyjski
Wydane: Санкт-Петербург, Издание "Общественной Пользы", 1905
Copublished:А. А. Николаев. Очерки по истории японского народа
Hasła przedmiotowe:
Format: MixedMaterials Książka
KOHA link:https://koha.lib.tpu.ru/cgi-bin/koha/opac-detail.pl?biblionumber=217506

MARC

LEADER 00000nam0a2200000 4500
001 217506
005 20231101230125.0
035 |a (RuTPU)RU\TPU\book\237506 
090 |a 217506 
100 |a 20120606d1905 k y0rusy50 ca 
101 0 |a rus 
102 |a RU 
105 |a y z 001zy 
200 1 |a Очерки по истории японского народа  |e [В 2-х тт.]  |h Том I  |f А. А. Николаев 
210 |a Санкт-Петербург  |c Издание "Общественной Пользы"  |d 1905 
215 |a [2], 198 с. 
316 |5 63413507: 73//230  |a Комбинированный темно-вишневый владельческий переплет, узорный обрез, на корешке инициалы "М. С." 
317 |5 63413507: 73//230  |a Поступила в НТБ в ноябре 1923 г. в дар от профессора ТТИ А. П. Малышева в составе книжного собрания. 
320 |a Алф. указ.: с. 170-172 
320 |a Приложение I: Хронологическая табличка: с. 173-174 
320 |a Приложение II: Очерк по истории японской торговли: с. 175-187 
320 |a Приложение III: Японская конституция 13 февраля 1889г.: с. 188-198. 
423 |t Очерки по истории японского народа  |h Том II  |f А. А. Николаев  |c Санкт-Петербург  |n Издание "Общественной Пользы"  |d 1905  |p [2], 217 с.  |a Николаев, Александр Андреевич 
610 1 |a история 
610 1 |a народы 
610 1 |a Япония 
610 1 |a японоведение 
610 1 |a японская цивилизация 
610 1 |a японский народ 
610 1 |a дары библиотеке 
610 1 |a коллекция А. П. Малышева 
686 |a Т3(5Япо)  |v LBC/SL-A  |2 rubbk 
700 1 |a Николаев  |b А. А.  |c участник революционного движения  |c член Учредительного Собрания  |c эсер  |f 1868-1921  |g Александр Андреевич  |2 stltpush  |3 (RuTPU)RU\TPU\pers\29580  |9 14115 
801 1 |a RU  |b 63413507  |c 20120606 
801 2 |a RU  |b 63413507  |c 20170307  |g RCR 
942 |c BK